Statistics for Drugs in Movies

Click here to take the quiz!

General Stats

  • This quiz has been taken 112 times
  • The average score is 5 of 15

Answer Stats

HintMovie title% Correct
DiCaprio sells stocks and bonds and gets real high real oftenThe Wolf of Wall Street
82%
A Cuban immigrant takes over a drug cartel in 1980s MiamiScarface
73%
Uma Thurman gets an adrenaline shot in the heartPulp Fiction
57%
Junkies in Edinburgh, some try to get clean, some don'tTrainspotting
54%
Jennifer Connelly and Jared Leto as lovers and junkiesRequiem for a Dream
38%
An Oddball journalist and a psychopath lawyer go to Las VegasFear and Loathing in Las Vegas
36%
Penelope Cruz and Johnny Depp smuggling cocaine in 1980s MiamiBlow
31%
Bradley Cooper gets into a new drug that expands his brainfunctionsLimitless
31%
Leo DiCaprio has dreams of becoming a super star athlete but finds drugs insteadBasketball Diaries
29%
Member of the Sex Pistols and his girlfriend get deep into drugsSid & Nancy
27%
HIV, sex, drugs, New York teenagers in the mid 1990sKids
20%
American student caught smuggling drugs in Turkey in the 1970s is thrown into a turkish prisonMidnight Express
17%
Matt Dillon and his gang trying to get high robbing pharmaciesDrugstore Cowboy
13%
1970s Berlin, Zoo station, 14-year-old girl taking drugs and prostitutingChristiane F
9%
Gosling as a junkie teacherHalf Nelson
7%

Score Distribution

Percentile by Number Answered

Percent of People with Each Score

Your Score History

You have not taken this quiz